The Japanese social system for technological development

Đã lưu trong:
书目详细资料
主要作者: Michiyuki, Uenohara
格式: 图书
语言:Undetermined
出版: Holst-Lezing Technische Hogeschool Eindhoven 1982
主题:
标签: 添加标签
没有标签, 成为第一个标记此记录!
Thư viện lưu trữ: Trung tâm Học liệu Trường Đại học Cần Thơ
LEADER 00536nam a2200181Ia 4500
001 CTU_95405
008 210402s9999 xx 000 0 und d
082 |a 338.9 
082 |b U22 
100 |a Michiyuki, Uenohara 
245 4 |a The Japanese social system for technological development 
245 0 |c Michiyuki Uenohara 
260 |a Holst-Lezing 
260 |b Technische Hogeschool Eindhoven 
260 |c 1982 
650 |a Technological development 
904 |i Tuyến 
980 |a Trung tâm Học liệu Trường Đại học Cần Thơ